000 01823aam a2200325 i 4500
001 768714001
003 CO-MdFUSB
005 20240802113957.0
007 ta
008 240802t1995 -us |||| |||| 00| 0 eng d
020 _a0-8010-2059-X
040 _cCO-MdFUSB
041 0 _aeng
082 0 4 _a261.2
_223
_bC627m
100 1 _aClendenin, Daniel B.
_eautor
245 1 0 _aMany Gods, many Lords :
_bchristianity encounters world religions
_c/ Daniel B. Clendenin
264 1 _bBaker Books,
_aGrand Rapids, Michigan, USA :
_c[1995]
264 4 _c©1995
300 _a189 páginas
_c; 22 cm
336 _atexto
_btxt
_2rdacontent
337 _2rdamedia
_asin mediación
_bn
338 _2rdacarrier
_avolumen
_bnc
505 _aEl desafío del pluralismo religioso. -- Del ateísmo secular al realismo cristiano. -- Del exclusivismo tradicional al pluralismo radical. -- El fracaso del pluralismo. -- La fe en el Antiguo Testamento y las religiones del mundo. -- Los documentos del Nuevo Testamento: Crónicas de la incredulidad.
520 _aEn una visión general, amena y concisa, Clendenin examina los tres paradigmas que los cristianos utilizan para interpretar las interrelaciones entre las religiones del mundo: exclusivismo, exclusivismo y pluralismo. Centrándose en la atractiva pero problemática posición del pluralismo, descubre que sus argumentos principales carecen de credibilidad filosófica y cristiana. Dejando de lado el exclusivismo y el exclusivismo, concluye con un estudio cuidadoso de lo que el Antiguo y el Nuevo Testamento tienen que decir sobre las verdades cristianas duales del amor salvífico universal de Dios y la particularidad de su gracia en Cristo.
563 _aRústico
650 7 _aCristianismo
_922
942 _cBK
945 _aJTF-925
999 _c37139
_d37139